62 : modelo para armar /

Bibliographic Details
Main Author: Cortázar, Julio
Format: Book
Language:Spanish
Published: Barcelona : Buenos Aires : Edhasa ; Sudamericana, 1979.
Edition:2a ed.

MARC

Tag First Indicator Second Indicator Subfields
LEADER 00000cam a2200000 a 4500
001 in00000083185
005 20151008055619.0
008 791024s1979 sp 00011 spa d
020 |a 843500225X 
035 |a (OCoLC)05583345 
035 |9 AAJ3922AM 
040 |a FQG  |c FQG  |d m.c.  |d TXA  |d UtOrBLW 
043 |a s-ag---  |a cl----- 
049 |a TXAM  |c [387614] 
090 |a PQ7797.C7145  |b S4 1979a 
100 1 |a Cortázar, Julio. 
245 1 0 |a 62 :  |b modelo para armar /  |c Julio Cortazar. 
250 |a 2a ed. 
264 1 |a Barcelona :  |b Edhasa ;  |a Buenos Aires :  |b Sudamericana,  |c 1979. 
300 |a 268 pages ;  |c 21 cm. 
336 |a text  |b txt  |2 rdacontent 
337 |a unmediated  |b n  |2 rdamedia 
338 |a volume  |b nc  |2 rdacarrier 
999 |a MARS 
999 f f |s 9732a479-849e-370a-b57b-c42f9ae248bd  |i 5a98b74c-3ce4-3d7d-a19f-8ae0b5e813a2  |t 0 
952 f f |p normal  |a Texas A&M University  |b College Station  |c Sterling C. Evans Library  |d Evans: Library Stacks  |t 0  |e PQ7797.C7145 S4 1979a  |h Library of Congress classification  |i unmediated -- volume  |m A14806182174 
998 f f |a PQ7797.C7145 S4 1979a  |t 0  |l Evans: Library Stacks